Personalbereitstellungsplanung bei Arbeitszeitflexibilisierung.

Zosúladenie požiadaviek podniku a želaní pracovníkov pomocou pružného pracovného času. Prístupy k plánovaniu personálu v režime pružného pracovného času. Jednoduchý model plánovania pracovných smien. 2 modely plánovitého disponovania s kvalifikačnými diferenciami u personálu. 3 modely kvalifikačnej...

Descrizione completa

Salvato in:
Dettagli Bibliografici
Autore principale: Kossbiel, H.
Natura: Capitolo di libro
Lingua:tedesco
Soggetti:
Tags: Aggiungi Tag
Nessun Tag, puoi essere il primo ad aggiungerne!!

MARC

LEADER 00000naa a2200000 4500
001 r008879
005 20221130113403.2
041 0 |a ger 
044 |a DE 
245 1 0 |a Personalbereitstellungsplanung bei Arbeitszeitflexibilisierung.  |c H. Kossbiel 
520 |a Zosúladenie požiadaviek podniku a želaní pracovníkov pomocou pružného pracovného času. Prístupy k plánovaniu personálu v režime pružného pracovného času. Jednoduchý model plánovania pracovných smien. 2 modely plánovitého disponovania s kvalifikačnými diferenciami u personálu. 3 modely kvalifikačnej diferencovanosti a opcií pracovného času u pracovníkov a prevádzok. Aplikabilita jednotlivých modelov. 
610 2 0 |a čas pracovný pohyblivý 
610 2 0 |a personál 
610 2 0 |a plánovanie 
610 2 0 |a zmennosť 
610 2 0 |a modely plánovania 
610 2 0 |a podnik 
610 2 0 |a pracovníci kvalifikovaní 
100 1 |a Kossbiel, H.